Cuentos y relatos (Record no. 53727)

MARC details
000 -LEADER
fixed length control field 00765nam a22002297a 4500
005 - DATE AND TIME OF LATEST TRANSACTION
control field 20250519114735.0
008 - FIXED-LENGTH DATA ELEMENTS--GENERAL INFORMATION
fixed length control field 230313b mx ||||| |||| 00| 0 spa d
050 04 - LIBRARY OF CONGRESS CALL NUMBER
Classification number PQ7298.419.R53
Item number A6 2021
050 04 - LIBRARY OF CONGRESS CALL NUMBER
Classification number PQ7298.19.R53
Item number A6 2021
100 1# - MAIN ENTRY--PERSONAL NAME
Relator code Iriarte Méndez Juan
245 10 - TITLE STATEMENT
Title Cuentos y relatos
Statement of responsibility, etc / Juan Iriarte Méndez
250 ## - EDITION STATEMENT
Edition statement 1a ed.
260 ## - PUBLICATION, DISTRIBUTION, ETC. (IMPRINT)
Place of publication, distribution, etc Morelia :
Name of publisher, distributor, etc H. Ayuntamiento de Morelia,
Date of publication, distribution, etc 2021
300 ## - PHYSICAL DESCRIPTION
Extent 338 p. ;
Dimensions 21 cm.
600 14 - SUBJECT ADDED ENTRY--PERSONAL NAME
Personal name Iriarte Méndez, Juan,
Dates associated with a name 1955-,
Form subdivision Antologías
650 #7 - SUBJECT ADDED ENTRY--TOPICAL TERM
Source of heading or term lemb
Topical term or geographic name as entry element Literatura Mexicana
Chronological subdivision Siglo XX
650 #7 - SUBJECT ADDED ENTRY--TOPICAL TERM
Source of heading or term lemb
Topical term or geographic name as entry element Cuento mexicano
Chronological subdivision Siglo XX
650 #7 - SUBJECT ADDED ENTRY--TOPICAL TERM
Source of heading or term lemb
Topical term or geographic name as entry element Autores mexicanos
Chronological subdivision Siglo XX
Form subdivision Antologías
650 #7 - SUBJECT ADDED ENTRY--TOPICAL TERM
Source of heading or term lemb
Topical term or geographic name as entry element Literatura
General subdivision Relatos
650 #7 - SUBJECT ADDED ENTRY--TOPICAL TERM
Source of heading or term lemb
Topical term or geographic name as entry element Literatura
Form subdivision Narrativa
942 ## - ADDED ENTRY ELEMENTS (KOHA)
Source of classification or shelving scheme Biblioteca del Cogreso de los Estados Unidos
Koha item type Libro
Holdings
Estado de pérdida Fuente de clasificación Estado del daño No para préstamo Ubicación permanente Ubicación actual Apartado o colección Fecha de adquisición Fuente de adquisición Edición Área del conocimiento Total Checkouts Clasificación Código de Barras Date last seen Número de copia Costo por reposición Tipo de recurso
  Biblioteca del Cogreso de los Estados Unidos     Biblioteca de la Facultad de Físico Matemáticas Biblioteca de la Facultad de Físico Matemáticas Literatura 09/05/2025 Donación 1a ed. Educación y Humanidades   PQ7298.19.R53 A6 2021 FFM000012991 09/05/2025 1 1.00 Libro
  Biblioteca del Cogreso de los Estados Unidos     Biblioteca de la Preparatoria Ing. Pascual Ortiz Rubio Biblioteca de la Preparatoria Ing. Pascual Ortiz Rubio General 02/05/2023 Donación 1a ed. Educación y Humanidades   PQ7298.419.R53 A6 2021 PPO000007680 02/05/2023 1 1.00 Libro
  Biblioteca del Cogreso de los Estados Unidos     Biblioteca de la Preparatoria Ing. Pascual Ortiz Rubio Biblioteca de la Preparatoria Ing. Pascual Ortiz Rubio General 02/05/2023 Donación 1a ed. Educación y Humanidades   PQ7298.419.R53 A6 2021 PPO000007681 02/05/2023 2 1.00 Libro
  Biblioteca del Cogreso de los Estados Unidos     Biblioteca de la Preparatoria Ing. Pascual Ortiz Rubio Biblioteca de la Preparatoria Ing. Pascual Ortiz Rubio General 02/05/2023 Donación 1a ed. Educación y Humanidades   PQ7298.419.R53 A6 2021 PPO000007682 02/05/2023 3 1.00 Libro